000 00498 a2200169 4500
001 72723
020 _a8520901670
040 _cAnchieta - Colégio São Paulo
100 _aFerreira, Aurélio Buarque de Holanda
240 1 0 _aDicionário Aurélio infantil da Língua Portuguesa ilustrado
_lpor
245 1 0 _aDicionário Aurélio infantil da Língua Portuguesa ilustrado
300 _a228
362 0 _a2000
440 1 _aNova Fronteira
650 4 _aObras enciclopédicas gerais
942 _cBK
999 _c72723
_d72723